000 00372nam a2200145Ia 4500
008 230711s9999||||xx |||||||||||||| ||und||
041 _aENG
082 _a624
_bDO-M
100 _aDoebelin,Ernest O
245 0 _aMeasurement system application and design
250 _a1st . Ed.
260 _c1994
_aNew York
_bMcGraw Hill
650 _aMechanical Engineering
942 _cBK
999 _c1611
_d1611